Ambrosial Kiss/ (Record no. 205242)

MARC details
000 -LEADER
fixed length control field 00715nam a22001937a 4500
005 - DATE AND TIME OF LATEST TRANSACTION
control field 20240823121544.0
010 ## - LCCN (DPL NO)
LC control number ENG-141406
020 ## - INTERNATIONAL STANDARD BOOK NUMBER
International Standard Book Number 9789389080957
Terms of availability 100.00
035 ## - SYSTEM CONTROL NUMBER
System control number EN-124938
037 ## - SOURCE OF ACQUISITION
Source of stock number/acquisition DBAD
082 ## - DEWEY DECIMAL CLASSIFICATION NUMBER
Classification number 881
Edition number 1
245 ## - TITLE STATEMENT
Title Ambrosial Kiss/
Statement of responsibility, etc Compiled and Edited by C.Rajeswari
260 ## - PUBLICATION, DISTRIBUTION, ETC. (IMPRINT)
Place of publication, distribution, etc Chennai
Name of publisher, distributor, etc Emerald Publishers
Date of publication, distribution, etc 2020
270 ## - ADDRESS
Address Olivannam Gopalkrishnan, Emerald Publishers, 15A, First Floor, Casa Major road, Egmore,
City Chennai
Postal code 600008
Electronic mail address info@emeraldpublishers.com
Telephone number 91 44 28193206, 42146994
300 ## - PHYSICAL DESCRIPTION
Extent 105p.
Dimensions 19cm(pb)
500 ## - GENERAL NOTE
General note Reviews on Muththamizh Virumbi's Poems
700 ## - ADDED ENTRY--PERSONAL NAME
9 (RLIN) 70456
Personal name C.Rajeswari
Relator term Complied and Edited by
942 ## - ADDED ENTRY ELEMENTS (KOHA)
Source of classification or shelving scheme Dewey Decimal Classification
Item type English Books
Classification part 881
Call number suffix AMB
Holdings
Withdrawn status Lost status Not for loan Collection code Home library Current library Date acquired Source of acquisition Cost, normal purchase price Full call number Barcode Copy number Cost, replacement price Koha item type
      Non-fiction Shahdara Branch Shahdara Branch 23/08/2024 DBAD 100.00 881 AMB EN-124938 1 100.00 English Books

© Delhi Public Library
Hit Counter
free hit counter